| 000 | 00796nam a22002057a 4500 | ||
|---|---|---|---|
| 999 |
_c17275 _d17275 |
||
| 003 | AR-CdUCM | ||
| 008 | 190507b ||||| |||| 00| 0 spa d | ||
| 040 |
_aMUNICIPALIDAD PROVINCIAL DEL CUSCO _cBIBLIOTECA MUNICIPAL DEL CUSCO |
||
| 082 |
_a636 / _bES76 |
||
| 100 |
_aEscamilla Arce, Leopoldo _937180 |
||
| 245 | _aEl cerdo, su cría y explotación / | ||
| 260 |
_aMéxico D.F. : _bContinental, _c1960. |
||
| 300 |
_a356 paginas ; _bIlustraciones, _c23 cm. |
||
| 505 | _aContenido : Generalidades sobre el cerdo -- Razas -- Otras razas de cerdos --Forma y características de la diferentes razas -- De la reproducción... | ||
| 650 |
_aLos cerdos _937181 |
||
| 650 |
_aTipos porcinos _937182 |
||
| 650 |
_aAlimentación de los cerdos _937183 |
||
| 942 |
_2ddc _cLIBROS |
||
| 945 |
_awnts _d2019-05-7 |
||